نشیب و فراز / (Record no. 106207)

MARC details
000 -LEADER
fixed length control field 00740nam a22002417a 4500
005 - DATE AND TIME OF LATEST TRANSACTION
control field 20200528133758.0
010 ## - LCCN (DPL NO)
LC control number B-429381
020 ## - INTERNATIONAL STANDARD BOOK NUMBER
Terms of availability 250.00
International Standard Book Number 9789380182124
035 ## - SYSTEM CONTROL NUMBER
System control number B-429381
037 ## - SOURCE OF ACQUISITION
Source of stock number/acquisition Cen Lib/Ret
082 ## - DEWEY DECIMAL CLASSIFICATION NUMBER
Classification number ن
100 ## - MAIN ENTRY--PERSONAL NAME
Personal name نقویا، فاطمہ
245 ## - TITLE STATEMENT
Title نشیب و فراز /
Statement of responsibility, etc نقویا فاطمہ
246 ## - VARYING FORM OF TITLE
Title proper/short title Nasheb-o-Faraz /
Remainder of title by Fatima Naqviya
260 ## - PUBLICATION, DISTRIBUTION, ETC. (IMPRINT)
Place of publication, distribution, etc دہلی
Name of publisher, distributor, etc تخلیقکار پبلیشیرس
Date of publication, distribution, etc 2010 ء
270 ## - ADDRESS
City دہلی
Address 104/B- یاور منزل ١ بلاک لکشمی نگر
Postal code 110092
300 ## - PHYSICAL DESCRIPTION
Extent 304p.
Dimensions 21cm(Hb)
650 ## - SUBJECT ADDED ENTRY--TOPICAL TERM
Topical term or geographic name as entry element اردو ادب
650 ## - SUBJECT ADDED ENTRY--TOPICAL TERM
Topical term or geographic name as entry element اردو ناول
650 ## - SUBJECT ADDED ENTRY--TOPICAL TERM
Topical term or geographic name as entry element Urdu litarture
650 ## - SUBJECT ADDED ENTRY--TOPICAL TERM
Topical term or geographic name as entry element Urdu novel
942 ## - ADDED ENTRY ELEMENTS (KOHA)
Source of classification or shelving scheme Dewey Decimal Classification
Item type Urdu Bks
Classification part ن
Call number suffix ن ق و
Holdings
Withdrawn status Lost status Not for loan Collection code Home library Current library Date acquired Source of acquisition Cost, normal purchase price Full call number Barcode Copy number Cost, replacement price Koha item type
      Fiction Central Library Central Library 16/12/2015 Cen Lib/Ret 250.00 ن ن ق و B-429381 1 250.00 Urdu Bks

© Delhi Public Library
Hit Counter
free hit counter